[Event "German Bundesliga 2021-22"]
[Site "Germany"]
[Date "2022.04.09"]
[Round "3.2"]
[White "Nagy, Gabor"]
[Black "Adams, Michael"]
[Result "1/2-1/2"]
[WhiteElo "2530"]
[BlackElo "2698"]
[Annotator "TA"]
[PlyCount "56"]
[EventDate "2022.03.05"]
[EventType "team-tourn"]
[EventCountry "GER"]
[SourceTitle "playchess.com"]
[Source "ChessBase"]
[SourceQuality "1"]
[TimeControl "40/5400+30:1800+30"]

{[%evp 13,56,5,10,0,0,0,0,0,0,0,0,0,0,0,0,0,0,0,0,-10,0,0,0,0,0,0,0,0,0,-5,0,0,0,0,0,0,0,0,0,0,0,0,0,0,0]} 1. c4 {[%emt 0:00:00]} e5 {[%emt 0:00:00]} 2. Nc3 {[%emt 0:00:00]} Nf6 {[%emt 0:00:00]} 3. Nf3 {[%emt 0:00:00]} Nc6 {[%emt 0:00:00]} 4. e3 {[%emt 0:00:00]} Bb4 {[%emt 0:00:00]} 5. Qc2 {[%emt 0:00:00]} Bxc3 {[%emt 0:00:00]} 6. Qxc3 {[%emt 0:00:00]} Qe7 {[%emt 0:00:00]} 7. Be2 {[%emt 0:00:00]} O-O {[%emt 0:00:00] The position is equal.} 8. d4 {[%emt 0:00:00] The main line 8.d4 scores better than 8.0-0. A28: English Opening: Four Knights Variation.} exd4 {[%emt 0:00:00]} 9. Nxd4 {[%emt 0:00:00]} Ne4 {[%emt 0:00:00]} 10. Qb3 {[%emt 0:00:00]} Nxd4 {[%emt 0:03:49]} 11. exd4 {[%emt 0:00:00]} d5 {[%emt 0:01:49]} 12. cxd5 {[%emt 0:00:00]} Nf6 $1 {[%emt 0:03:28]} 13. Bf4 {[%emt 0:00:00]} Rd8 {[%emt 0:05:52]} 14. d6 {[%emt 0:02:16]} cxd6 {[%emt 0:00:25]} 15. Qe3 {[%emt 0:00:45]} Be6 {[%emt 0:04:49] [#] Threatens to win with ...Nd5.} 16. O-O $146 {[%emt 0:09:51]} ({Predecessor:} 16. Bg3 Re8 17. O-O Qd7 18. Qa3 Bxa2 19. Rfe1 Bd5 20. Qxd6 Qxd6 21. Bxd6 Rac8 22. Be5 a6 {½-½ (22) Hassim,U (2338)-Byrne,M (2320) ICCF email 2018}) 16... Nd5 {[%emt 0:10:54]} 17. Qd2 {[%emt 0:00:39]} Nxf4 {[%emt 0:02:19]} 18. Qxf4 {[%emt 0:00:14]} h6 {[%emt 0:08:12]} 19. Bd3 {[%emt 0:06:23]} Qg5 {[%emt 0:03:24]} 20. Qxg5 {[%emt 0:03:36]} hxg5 {[%emt 0:00:04]} 21. f3 {[%emt 0:00:39]} Rac8 {[%emt 0:05:49]} 22. Rfc1 {[%emt 0:01:12]} f5 {[%emt 0:05:07]} 23. Kf2 {[%emt 0:02:51]} Kf7 {[%emt 0:00:59]} 24. h3 {[%emt 0:01:18]} Kf6 {[%emt 0:01:20]} 25. a3 {[%emt 0:01:19]} Bd5 {[%emt 0:03:49]} 26. Ke3 {[%emt 0:02:39]} g6 {[%emt 0:02:48]} 27. Kd2 {[%emt 0:03:43]} b6 {[%emt 0:11:56]} 28. Ba6 {[%emt 0:12:48]} Rxc1 {[%emt 0:00:21] An even fight not without its subleties.  Weighted Error Value: White=0.01 (flawless) /Black=0.00 (flawless)} 1/2-1/2

[Event "German Bundesliga 2021-22"]
[Site "Germany"]
[Date "2022.04.09"]
[Round "3.2"]
[White "Richter, Michael"]
[Black "Lupulescu, Constantin"]
[Result "0-1"]
[WhiteElo "2496"]
[BlackElo "2620"]
[Annotator "TA"]
[PlyCount "116"]
[EventDate "2022.03.05"]
[EventType "team-tourn"]
[EventCountry "GER"]
[SourceTitle "playchess.com"]
[Source "ChessBase"]
[SourceQuality "1"]
[TimeControl "40/5400+30:1800+30"]

{[%evp 11,116,0,0,-6,-1,-3,0,0,0,-19,-8,-42,-36,-55,-60,-59,-53,-51,-51,-49,-53,-70,-67,-73,-67,-129,-136,-135,-136,-142,-127,-127,-87,-87,-93,-88,-94,-94,-94,-94,-95,-95,-94,-95,-95,-99,-99,-99,-99,-99,-98,-1339,-1312,-1156,-1018,-780,-99,-712,-186,-811,-99,-452,0,-884,-879,-669,-636,-590,-311,-1171,-1156,-1137,-1124,-1117,-1117,-869,-502,-1356,-1142,-1105,-12819,-12825,-12822,-12821,-12828,-12829,-12828,-12826,-12825,-2131,-1745,-12831,-12826,-12838,-12838,-12841,-2557,-12838,-478,-12833,-12833,-12834,-12834,-12839,-12837,-12840,-993]} 1. d4 {[%emt 0:00:00]} Nf6 {[%emt 0:00:00]} 2. Nf3 {[%emt 0:00:00]} d5 {[%emt 0:00:00]} 3. e3 {[%emt 0:00:00]} c5 {[%emt 0:00:00]} 4. c3 {[%emt 0:00:00]} e6 {[%emt 0:00:00]} 5. Nbd2 {[%emt 0:00:00]} Nbd7 {[%emt 0:00:00]} 6. Bd3 {[%emt 0:00:00]} b6 {[%emt 0:00:00]} 7. O-O {[%emt 0:00:00] D05: Colle System with ...e6.} Bb7 {[%emt 0:00:00]} 8. Qe2 {[%emt 0:00:00]} Ne4 {[%emt 0:00:00]} 9. Ne5 {[%emt 0:00:24] aiming for Nxe4. The position is equal.} Bd6 {[%emt 0:09:47]} 10. f4 {[%emt 0:22:35]} O-O {[%emt 0:02:55] [#]} 11. Bxe4 $146 {[%emt 0:01:44]} ({Predecessor:} 11. Rf3 f6 12. Nxd7 Qxd7 13. Rh3 e5 14. Nxe4 dxe4 15. Bc4+ Rf7 16. Qh5 h6 17. fxe5 fxe5 {½-½ (34) Ljepic,A (2136)-Shoshin,K (2001) Belgrade 2021}) 11... dxe4 {[%emt 0:00:40]} 12. Ndc4 {[%emt 0:02:56]} Ba6 {[%emt 0:14:44]} 13. b3 {[%emt 0:04:11]} f6 {[%emt 0:06:30]} 14. Nxd7 {[%emt 0:05:00]} Qxd7 {[%emt 0:01:54]} 15. a4 {[%emt 0:15:44]} Qc6 {[%emt 0:25:06]} 16. Ba3 {[%emt 0:09:23]} Rfd8 {[%emt 0:02:46]} 17. Rfd1 {[%emt 0:13:44]} Bf8 {[%emt 0:02:24]} 18. dxc5 {[%emt 0:05:34]} ({White should play} 18. Qc2 $15) 18... bxc5 $17 {[%emt 0:03:07]} 19. Rxd8 {[%emt 0:02:44]} Rxd8 {[%emt 0:00:24]} 20. Rd1 {[%emt 0:00:41] [#] Against Rd3} Bxc4 $1 {[%emt 0:13:48]} 21. bxc4 {[%emt 0:00:14]} Rd3 {[%emt 0:00:05]} 22. Rxd3 {[%emt 0:02:16]} exd3 {[%emt 0:00:03]} 23. Qxd3 {[%emt 0:00:14]} Qxa4 {[%emt 0:00:04]} 24. Bc1 {[%emt 0:04:51]} Qa1 {[%emt 0:01:40]} 25. Qc2 {[%emt 0:01:19]} a5 {[%emt 0:01:22][%cal Ba7a5,Ba5a4][%mdl 32]} 26. Kf2 {[%emt 0:04:54]} a4 {[%emt 0:00:49] Strongly threatening ...a3.} (26... Be7 {is interesting.} 27. Bd2 f5 28. e4 Qh1) 27. Qb2 {[%emt 0:02:07] Against a3} Qxb2+ {[%emt 0:00:11]} 28. Bxb2 {[%emt 0:00:02][%mdl 4096] Endgame KB-KB} Kf7 {[%emt 0:08:21]} 29. e4 {[%emt 0:01:36]} Kg6 {[%emt 0:01:38]} 30. Kf3 {[%emt 0:01:43]} f5 {[%emt 0:00:32]} 31. g4 $2 {[%emt 0:01:15][%mdl 8192]} (31. h3 $17) 31... fxg4+ $19 {[%emt 0:02:22]} 32. Kxg4 {[%emt 0:00:02]} Be7 {[%emt 0:03:05] And now ...h5+ would win.} 33. Ba3 {[%emt 0:00:33]} Kf7 $2 {[%emt 0:00:04]} (33... h5+ $19 34. Kg3 Kf6) 34. Kf3 $2 {[%emt 0:00:32][%mdl 8192]} (34. h4 $17) 34... Bf6 $2 {[%emt 0:00:28]} (34... g5 35. Kg4 gxf4 36. Kxf4 Bd6+ 37. e5 Be7) 35. Bb2 $2 {[%emt 0:00:48]} (35. e5 Be7 36. Ke4) 35... Ke8 $2 {[%emt 0:01:03]} (35... g5 $19 {and Black stays clearly on top.} 36. fxg5 Bxg5) 36. Ke2 $2 {[%emt 0:00:32][%mdl 8192]} (36. Kg4 $17 {is more resistant.}) 36... Kf7 {[%emt 0:00:47]} (36... g5 $142 37. fxg5 Bxg5) 37. Kf3 $1 {[%emt 0:00:25]} g5 {[%emt 0:00:29]} 38. fxg5 {[%emt 0:00:42]} Bxg5 {[%emt 0:00:04]} 39. Kg4 {[%emt 0:00:43]} Kg6 {[%emt 0:01:24]} 40. Kf3 $2 {[%emt 0:00:29]} (40. Kg3) 40... Kh5 {[%emt 0:00:32] Black is clearly winning.} 41. Ba3 {[%emt 0:00:00]} Be7 {[%emt 0:00:00]} 42. h3 {[%emt 0:02:31]} Bd6 {[%emt 0:02:44]} 43. Kg2 {[%emt 0:01:59]} Kh4 {[%emt 0:01:56]} 44. Bc1 {[%emt 0:01:00]} (44. e5 $142 Be7 45. Kh2) 44... Be5 {[%emt 0:01:12]} 45. Ba3 {[%emt 0:00:10]} Bxc3 {[%emt 0:03:11]} 46. Bxc5 {[%emt 0:00:06] [#]} Kg5 $1 {[%emt 0:00:16]} 47. Bd6 {[%emt 0:06:27]} Kf6 {[%emt 0:03:30]} 48. Ba3 {[%emt 0:05:21] [#]} Ke5 $1 {[%emt 0:01:48]} 49. Kf3 {[%emt 0:01:43]} Kd4 {[%emt 0:00:51]} 50. c5 {[%emt 0:00:49]} Ba5 {[%emt 0:00:50] Hoping for ...Bc7.} 51. h4 {[%emt 0:09:38]} Kc4 {[%emt 0:10:16]} 52. Kf4 {[%emt 0:04:30]} Bc7+ {[%emt 0:00:58]} ({Stronger than} 52... Kb3 53. Bc1 $11) 53. Kg5 {[%emt 0:00:18]} Bd8+ {[%emt 0:00:06]} (53... Kb3 $142 54. Bc1 Kc2) 54. Kf4 {[%emt 0:02:04]} Kd4 {[%emt 0:02:41]} (54... Kb3 $142 55. Bc1 Kc2) 55. c6 {[%emt 0:00:43]} (55. h5 $142 Bc7+ 56. Kf3) 55... Bc7+ {[%emt 0:00:20]} 56. Kf3 {[%emt 0:00:41]} h5 {[%emt 0:02:37]} 57. Be7 {[%emt 0:00:17]} Kc4 {[%emt 0:00:20]} 58. Ke3 {[%emt 0:00:40]} Kb5 {[%emt 0:01:40] Weighted Error Value: White=1.13/Black=0.74} (58... e5 $142 59. Kd2 Kb3) 0-1

[Event "German Bundesliga 2021-22"]
[Site "Germany"]
[Date "2022.04.09"]
[Round "3.3"]
[White "Kasimdzhanov, Rustam"]
[Black "Vandenbussche, Thibaut"]
[Result "1/2-1/2"]
[WhiteElo "2659"]
[BlackElo "2401"]
[Annotator "TA"]
[PlyCount "81"]
[EventDate "2022.03.05"]
[EventType "team-tourn"]
[EventCountry "GER"]
[SourceTitle "playchess.com"]
[Source "ChessBase"]
[SourceQuality "1"]
[TimeControl "40/5400+30:1800+30"]

{[%evp 16,81,43,23,16,22,14,13,15,10,18,17,18,19,11,12,20,29,37,41,33,31,45,35,37,33,42,39,56,63,63,54,52,47,55,37,31,36,70,67,74,20,19,0,0,0,0,0,0,0,0,0,0,0,0,0,0,-2,0,-4,-4,0,-5,-9,-8,-15,0,0]} 1. e4 {[%emt 0:00:00]} e6 {[%emt 0:00:00]} 2. d4 {[%emt 0:00:00]} d5 {[%emt 0:00:00]} 3. Nc3 {[%emt 0:00:00]} dxe4 {[%emt 0:00:00]} 4. Nxe4 {[%emt 0:00:00]} Bd7 {[%emt 0:00:00]} 5. Nf3 {[%emt 0:00:00]} Bc6 {[%emt 0:00:00]} 6. Bd3 {[%emt 0:00:00]} Nd7 {[%emt 0:00:00]} 7. O-O {[%emt 0:00:00]} Ngf6 {[%emt 0:00:00]} 8. Ned2 {[%emt 0:00:00]} Be7 {[%emt 0:00:00]} 9. Nc4 {[%emt 0:01:34]} Bb5 {[%emt 0:00:00] C10: French with 3 Nc3: Unusual Black 3rd moves and 3...dxe4.} 10. Nd6+ {[%emt 0:01:45]} Bxd6 {[%emt 0:00:00]} 11. Bxb5 {[%emt 0:00:14]} c6 {[%emt 0:00:00]} 12. Bd3 {[%emt 0:03:27]} Qc7 {[%emt 0:00:00] [#]} 13. g3 $146 {[%emt 0:05:17]} ({Predecessor:} 13. c4 Bf4 14. Qe2 O-O 15. g3 Bxc1 16. Raxc1 c5 17. Rfd1 {0-1 (27) Babareza,A-Boricsev,O (2329) Teheran 2006}) 13... O-O {[%emt 0:00:00]} 14. c3 {[%emt 0:05:01]} Rfe8 {[%emt 0:05:09]} 15. a4 {[%emt 0:04:02]} a5 {[%emt 0:04:20]} 16. Qc2 {[%emt 0:07:12]} g6 {[%emt 0:22:05]} 17. Bg5 {[%emt 0:01:15]} Nd5 {[%emt 0:01:03]} 18. Rfe1 {[%emt 0:02:38]} Be7 {[%emt 0:20:24]} 19. Bd2 {[%emt 0:06:22]} Bf6 {[%emt 0:03:39]} 20. h4 {[%emt 0:05:23][%cal Bh2h4,Bh4h5][%mdl 32]} e5 {[%emt 0:06:51]} 21. h5 {[%emt 0:01:00]} Kg7 {[%emt 0:00:59]} 22. Bc4 {[%emt 0:16:33]} Re7 {[%emt 0:07:55]} 23. Re4 {[%emt 0:09:25]} Rae8 {[%emt 0:02:41]} 24. Rae1 {[%emt 0:00:28]} Qd6 {[%emt 0:04:49]} 25. Bb3 {[%emt 0:04:58]} exd4 {[%emt 0:03:50]} 26. cxd4 {[%emt 0:00:42]} Nb4 {[%emt 0:03:00]} 27. Qc4 {[%emt 0:08:21]} gxh5 {[%emt 0:13:12][%cal Ob7b5]} 28. Rxe7 {[%emt 0:13:12]} (28. Ng5 $16 {[%cal Rg5f7]} Qd5 {[#]} 29. Qc3 $1) 28... Rxe7 $11 {[%emt 0:00:07] The position is equal.} 29. Rxe7 {[%emt 0:01:39] Really sharp!} Qxe7 {[%emt 0:00:03]} 30. Bxb4 {[%emt 0:01:55]} axb4 {[%emt 0:00:04]} 31. a5 {[%emt 0:00:05]} Nf8 {[%emt 0:02:30]} 32. d5 {[%emt 0:01:25]} cxd5 {[%emt 0:01:38]} 33. Qxd5 {[%emt 0:00:31]} Qe6 {[%emt 0:00:46]} 34. Qd3 {[%emt 0:02:00]} Qg4 {[%emt 0:00:36]} 35. Qd5 {[%emt 0:01:02][%csl LRb7,LRf7]} Qe6 {[%emt 0:00:05]} 36. Kg2 {[%emt 0:00:32][%cal Od5b7]} Qxd5 {[%emt 0:01:13]} 37. Bxd5 {[%emt 0:00:02]} Bd8 {[%emt 0:00:06]} 38. Ne5 {[%emt 0:00:28]} Bxa5 {[%emt 0:00:14]} 39. Nxf7 {[%emt 0:00:58]} Bc7 {[%emt 0:01:56]} 40. Ng5 {[%emt 0:00:18]} b6 {[%emt 0:00:42]} 41. Ne6+ {[%emt 0:00:00] Weighted Error Value: White=0.06 (flawless) /Black=0.03 (flawless)} 1/2-1/2

[Event "German Bundesliga 2021-22"]
[Site "Germany"]
[Date "2022.04.09"]
[Round "3.3"]
[White "L'Ami, Erwin"]
[Black "Martinovic, Sasa"]
[Result "1/2-1/2"]
[WhiteElo "2622"]
[BlackElo "2554"]
[Annotator "TA"]
[PlyCount "49"]
[EventDate "2022.03.05"]
[EventType "team-tourn"]
[EventCountry "GER"]
[SourceTitle "playchess.com"]
[Source "ChessBase"]
[SourceQuality "1"]
[TimeControl "40/5400+30:1800+30"]

{[%evp 22,49,8,8,15,10,0,4,8,0,0,0,18,-29,1,0,0,0,0,0,0,0,0,0,0,0,0,0,0,0]} 1. d4 {[%emt 0:00:00]} Nf6 {[%emt 0:00:00]} 2. c4 {[%emt 0:00:00]} e6 {[%emt 0:00:00]} 3. Nc3 {[%emt 0:00:00]} d5 {[%emt 0:00:00]} 4. cxd5 {[%emt 0:00:00]} exd5 {[%emt 0:00:00]} 5. Bg5 {[%emt 0:00:00]} c6 {[%emt 0:00:00]} 6. e3 {[%emt 0:00:00]} Be7 {[%emt 0:00:00]} 7. Bd3 {[%emt 0:00:00]} Nbd7 {[%emt 0:00:00]} 8. h3 {[%emt 0:00:00]} O-O {[%emt 0:00:00]} 9. Qc2 {[%emt 0:00:00]} Re8 {[%emt 0:00:00]} 10. Nf3 {[%emt 0:01:27]} Ne4 {[%emt 0:00:00]} 11. Bf4 {[%emt 0:13:19]} Ndf6 {[%emt 0:00:00]} 12. O-O {[%emt 0:03:05][%cal Rc3e4]} ({Not} 12. Nxe4 $2 dxe4 13. Bxe4 Bb4+ 14. Kf1 Nxe4 $19) 12... Bd6 {[%emt 0:07:30] D36: Queen's Gambit Declined: Exchange Variation: Main line (5 Bg5 c6 6 Qc2).} 13. Ne5 {[%emt 0:06:01]} Nxc3 {[%emt 0:00:25]} 14. bxc3 {[%emt 0:02:11]} c5 {[%emt 0:00:22]} 15. a4 {[%emt 0:20:04]} c4 {[%emt 0:01:32]} 16. Be2 {[%emt 0:00:16] [#]} Qc7 $146 {[%emt 0:08:24]} ({Predecessor:} 16... Qe7 17. Rab1 Ne4 18. f3 f6 19. fxe4 fxe5 20. dxe5 Bxe5 21. exd5 Bxf4 22. Rxf4 Qxe3+ {1-0 (44) Stojanovski,S (2232)-Ambartsumova,K (2382) Chess.com INT 2021}) 17. Rae1 {[%emt 0:05:43]} (17. Bf3 $142) 17... Nd7 {[%emt 0:15:24][%cal Rd7e5] [#]} 18. Nxf7 $1 {[%emt 0:13:04] The position is equal.} Kxf7 {[%emt 0:02:12]} ({Don't play} 18... Bxf4 19. exf4 Qxf4 20. Bh5 $16) 19. Qxh7 {[%emt 0:00:33] And now Bh5+ would win.} Nf6 {[%emt 0:05:04]} 20. Bh5+ {[%emt 0:00:58]} Nxh5 {[%emt 0:07:06]} 21. Qxh5+ {[%emt 0:00:21]} Kf8 {[%emt 0:01:06] White must now prevent ...Be6.} 22. Qh8+ {[%emt 0:00:45]} Kf7 {[%emt 0:00:09]} 23. Qh5+ {[%emt 0:00:08]} Kf8 {[%emt 0:00:30]} 24. Qh8+ {[%emt 0:05:13]} Kf7 {[%emt 0:00:51]} 25. Qh5+ {[%emt 0:00:11] An interesting draw.  Weighted Error Value: White=0.05 (flawless) /Black=0.05 (flawless)} 1/2-1/2

[Event "German Bundesliga 2021-22"]
[Site "Germany"]
[Date "2022.04.09"]
[Round "3.3"]
[White "Salgado Lopez, Ivan"]
[Black "Bruedigam, Martin"]
[Result "0-1"]
[WhiteElo "2611"]
[BlackElo "2386"]
[Annotator "TA"]
[PlyCount "170"]
[EventDate "2022.03.05"]
[EventType "team-tourn"]
[EventCountry "GER"]
[SourceTitle "playchess.com"]
[Source "ChessBase"]
[SourceQuality "1"]
[TimeControl "40/5400+30:1800+30"]

{[%evp 14,170,27,17,51,43,47,50,49,18,23,29,10,19,21,11,12,13,29,24,23,25,25,23,25,0,0,0,8,0,0,2,10,8,3,1,22,17,25,3,28,18,28,27,39,38,35,18,28,10,3,11,30,20,27,31,41,34,39,31,41,35,24,24,56,36,63,18,27,15,31,31,27,31,43,53,70,56,81,75,117,108,145,146,156,156,159,146,297,290,241,159,144,156,138,41,41,35,40,38,34,34,55,0,0,-8,-8,-8,-8,-8,-8,-8,-8,-8,-24,-59,-57,-190,-178,-361,-356,-535,-514,-534,-534,-2666,-2472,-1194,-1145,-969,-948,-5803,-3733,-29966,-29963,-29959,-29960,-29965,-29967,-29968,-29972,-29970,-29973,-29972,-29974,-29974,-29975,-29974,-29976,-29975,-29971,-29967,-29975,-29983,-29984,-29984,-29985,-29985,-29986]} 1. c4 {[%emt 0:00:00]} Nf6 {[%emt 0:00:00]} 2. Nc3 {[%emt 0:00:00]} e6 {[%emt 0:00:00]} 3. e4 {[%emt 0:00:00][%cal Be2e4,Be4e5][%mdl 32]} c5 {[%emt 0:00:00]} 4. e5 {[%emt 0:00:00]} Ng8 {[%emt 0:00:00]} 5. Nf3 {[%emt 0:00:00][%cal Bg1f3,Bf3d4,Bd4b5][%mdl 32]} Nc6 {[%emt 0:00:00]} 6. d4 {[%emt 0:00:00]} cxd4 {[%emt 0:00:00]} 7. Nxd4 {[%emt 0:00:00]} Nxe5 {[%emt 0:13:43]} 8. Ndb5 {[%emt 0:02:09]} d6 {[%emt 0:25:59] A19: English Opening: Flohr-Mikenas System with 3...c5.} 9. Ne4 {[%emt 0:34:07] is the legacy move (9.c5).} Nf6 {[%emt 0:09:36]} 10. Nexd6+ {[%emt 0:08:21]} Bxd6 {[%emt 0:00:11] [#] White is slightly better.} 11. Nxd6+ $146 {[%emt 0:00:48]} ({Predecessor:} 11. Qxd6 Qxd6 12. Nxd6+ Ke7 13. Nxc8+ Rhxc8 14. b3 Rd8 15. Ba3+ Ke8 16. Rd1 Rxd1+ 17. Kxd1 Rd8+ 18. Kc1 Nd3+ 19. Bxd3 Rxd3 20. Kc2 Rd7 21. Re1 {½-½ (21) Marin Aso,J (1907)-De Paz Nistal,S (1920) Madrid 2020}) 11... Ke7 {[%emt 0:01:22]} 12. Nxc8+ {[%emt 0:02:50]} Rxc8 {[%emt 0:14:19]} 13. Qb3 {[%emt 0:00:29]} Qc7 {[%emt 0:03:58][%cal Re5c4]} 14. Qa3+ {[%emt 0:03:28]} Kd7 {[%emt 0:08:50]} 15. Qxa7 {[%emt 0:22:52]} Nxc4 {[%emt 0:03:18] Active counter play!} 16. Be2 {[%emt 0:03:16]} Qa5+ {[%emt 0:08:34]} (16... Rhd8 {feels hotter.} 17. O-O Ke8 18. Bxc4 Qxc4 19. Qxb7 Nd5) 17. Qxa5 {[%emt 0:00:11]} Nxa5 {[%emt 0:00:04]} 18. Bb5+ {[%emt 0:04:42]} Nc6 {[%emt 0:01:08]} 19. Be3 {[%emt 0:01:02]} Nd5 {[%emt 0:00:23]} 20. O-O-O {[%emt 0:01:03]} Kc7 {[%emt 0:02:10]} 21. Bc5 {[%emt 0:01:20]} b6 {[%emt 0:00:38]} 22. Ba3 {[%emt 0:00:32]} Kb7 {[%emt 0:01:29]} 23. Kb1 {[%emt 0:00:15]} Rhd8 {[%emt 0:00:32]} 24. Rhe1 {[%emt 0:02:24]} Ncb4 {[%emt 0:03:04] ...Nc2 is the strong threat.} 25. Rc1 {[%emt 0:02:11] Inhibits Nc2.} Nc6 {[%emt 0:00:26]} 26. Bf1 {[%emt 0:01:55]} Nf6 {[%emt 0:02:13]} 27. Rc2 {[%emt 0:02:23]} (27. b3 {seems wilder.} Rd2 28. Be2 Rcd8 29. Bf3) 27... Nd4 {[%emt 0:00:31]} 28. Rxc8 {[%emt 0:00:20]} Rxc8 {[%emt 0:00:18]} 29. Rd1 {[%emt 0:03:30]} Nc6 {[%emt 0:00:17]} 30. Be2 {[%emt 0:01:00]} Nd5 {[%emt 0:00:28]} 31. Bd6 {[%emt 0:01:22]} Rd8 {[%emt 0:00:11]} 32. Bg3 {[%emt 0:00:36]} Nce7 {[%emt 0:01:15]} 33. Bf3 {[%emt 0:01:35]} Nf5 {[%emt 0:00:21]} 34. Bf4 {[%emt 0:00:54]} h6 {[%emt 0:01:11]} 35. g3 {[%emt 0:00:37]} Nfe7 {[%emt 0:00:33]} 36. Bc1 {[%emt 0:00:36]} Nc6 {[%emt 0:00:17]} 37. h4 {[%emt 0:00:46]} Ne5 {[%emt 0:00:35]} 38. Be2 {[%emt 0:00:22]} Kc6 {[%emt 0:00:54]} 39. Bd2 {[%emt 0:01:05]} f6 {[%emt 0:00:15]} 40. h5 {[%emt 0:00:46]} Kc7 {[%emt 0:00:20]} 41. Rc1+ {[%emt 0:00:00]} Kb7 {[%emt 0:00:00]} 42. f4 {[%emt 0:00:00]} Nc6 {[%emt 0:00:00]} 43. Rc4 {[%emt 0:02:25]} Nde7 {[%emt 0:00:00]} 44. Be3 {[%emt 0:01:31]} Rd6 {[%emt 0:00:00]} 45. Bf3 {[%emt 0:05:15]} Nd5 {[%emt 0:04:39]} 46. Bf2 {[%emt 0:00:48]} Nce7 {[%emt 0:00:14]} 47. a3 {[%emt 0:01:58]} Rc6 {[%emt 0:01:35]} 48. Rxc6 {[%emt 0:00:28]} Kxc6 $16 {[%emt 0:00:16][%mdl 4096] Endgame KBB-KNN} 49. Kc2 {[%emt 0:00:40]} b5 {[%emt 0:04:37]} 50. Kd3 {[%emt 0:02:11]} e5 $2 {[%emt 0:01:03]} (50... Kd6 $16 51. b3 Nc7) 51. fxe5 $18 {[%emt 0:04:05]} fxe5 {[%emt 0:00:47]} 52. b4 {[%emt 0:00:13] And now Ke4 would win.} Kd6 {[%emt 0:00:41]} 53. Bc5+ {[%emt 0:00:23]} Ke6 {[%emt 0:00:13] [#]} 54. Be2 {[%emt 0:08:30] A strong pair of Bishops.} (54. a4 $1 $16 {[%cal Ra4b5]} bxa4 55. b5) 54... Nf5 $1 $14 {[%emt 0:03:07]} 55. Kc2 {[%emt 0:01:34]} Nc7 {[%emt 0:06:37]} 56. Bg4 {[%emt 0:01:42]} Kf6 {[%emt 0:00:08]} 57. Bf2 {[%emt 0:00:16]} e4 {[%emt 0:01:35]} 58. Bh3 {[%emt 0:01:56]} ({Better is} 58. Kd2 $1 $14) 58... Nd5 $11 {[%emt 0:04:36]} 59. Kd1 {[%emt 0:02:57]} Ke5 {[%emt 0:03:39]} (59... e3 $5 60. Be1 Ke5 $11) 60. Ba7 {[%emt 0:00:07]} Nfe3+ {[%emt 0:01:18]} 61. Ke2 {[%emt 0:00:26]} Nc4 {[%emt 0:00:39] Threatening ...Nf6.} 62. Bb8+ $1 {[%emt 0:00:58]} Kf6 {[%emt 0:00:06]} 63. Ba7 {[%emt 0:00:55]} Nc3+ {[%emt 0:02:06]} 64. Kf2 {[%emt 0:00:43] Strongly threatening Bd4+.} Ke5 {[%emt 0:00:10] Against Bd4+} 65. Bf1 {[%emt 0:01:05]} ({White should play} 65. Bc5 $15) 65... Nxa3 $19 {[%emt 0:02:02]} 66. Bc5 $2 {[%emt 0:00:22] [#]} (66. Ke1 {was worth a try.}) 66... Nc2 $1 {[%emt 0:00:42]} 67. Bf8 {[%emt 0:00:39]} (67. Kg2 {is the only way for White.}) 67... Kf6 {[%emt 0:00:33]} 68. Bc5 {[%emt 0:00:23]} Kg5 {[%emt 0:00:43]} 69. Bf8 {[%emt 0:00:12]} e3+ {[%emt 0:01:17]} 70. Kf3 {[%emt 0:01:06]} e2 $1 {[%emt 0:00:18]} 71. Bxe2 {[%emt 0:00:58]} Nd4+ {[%emt 0:00:06]} 72. Ke3 {[%emt 0:00:54]} Ncxe2 {[%emt 0:02:12]} 73. Bc5 {[%emt 0:00:05]} Nf5+ {[%emt 0:00:51] Black mates.} 74. Kxe2 {[%emt 0:00:05]} Nxg3+ {[%emt 0:00:03] KB-KN} 75. Kd3 {[%emt 0:00:39]} Nxh5 {[%emt 0:00:30]} 76. Be7+ {[%emt 0:00:15]} Kf5 {[%emt 0:00:23]} 77. Kd4 {[%emt 0:00:04]} Nf4 {[%emt 0:00:27]} 78. Kc5 {[%emt 0:00:11]} g5 {[%emt 0:00:24]} 79. Kxb5 {[%emt 0:00:12]} Nd5 {[%emt 0:00:11]} 80. Bf8 {[%emt 0:00:49]} h5 {[%emt 0:00:07][%cal Bh6h5,Bh5h4,Bh4h3][%mdl 32]} 81. Kc4 {[%emt 0:00:05]} Ke4 {[%emt 0:00:20]} 82. Bc5 {[%emt 0:00:43]} h4 {[%emt 0:01:20]} 83. Bf2 {[%emt 0:00:20]} h3 {[%emt 0:00:30]} 84. Bg1 {[%emt 0:00:16] [#]} Nxb4 $1 {[%emt 0:00:09][%mdl 512]} 85. Kxb4 {[%emt 0:00:06]} (85. Kc5 Nd3+) 85... g4 {[%emt 0:00:06] Never resign too early!  Weighted Error Value: White=0.09 (flawless) /Black=0.11 (very precise)} 0-1